CTA Green Line stations - Statistics

General Stats
  • This quiz has been taken 22 times
    20 since last reset
  • The average score is 25 of 31
Answer Stats
Answer % Correct
Ashland
100%
Ashland/63rd
100%
Austin
100%
Clark/Lake
100%
Cottage Grove
100%
Harlem
100%
Oak Park
100%
Pulaski
100%
State/Lake
100%
Adams/Wabash
83%
California
83%
Cermak-McCormick Place
83%
Cicero
83%
Conservatory/Central park
83%
Laramie
83%
Roosevelt
83%
Washington/wabash
83%
35th-Bronzeville-IIT
67%
43rd
67%
47th
67%
51st
67%
Central
67%
Clinton
67%
Damen
67%
Garfield
67%
Halsted/63rd
67%
Indiana
67%
Kedzie
67%
King Drive
67%
Morgan
67%
Ridgeland
67%
No matching quizzes found
Score Distribution
Percent of People with Each Score
Percentile by Number Answered
Your Score History
You have not taken this quiz since the last reset